Statistics for World Capitals Closest to Ρόδος

Click here to take the quiz!

General Stats

  • This quiz has been taken 241 times
  • The average score is 21 of 24

Answer Stats

kmcapitalmiles% Correct
434Αθήνα Athens269
100%
563Ankara350
97%
765Cairo475
96%
828Jerusalem514
94%
486Nicosia302
94%
814Sofia506
94%
720Beirut448
93%
907Bucharest564
91%
1484Rome922
91%
805Damascus500
90%
1430Tripoli888
90%
1461Zagreb908
90%
852Skopje529
89%
908Tirana564
89%
865Amman537
86%
1173Sarajevo729
86%
1019Podgorica633
84%
1137Belgrade706
82%
920Pristina571
82%
1232Valletta765
80%
1488Vatican City924
80%
1515Baghdad941
77%
1180Chișinău733
71%
1479Yerevan919
64%

Score Distribution

Percentile by Number Answered

Percent of People with Each Score

Your Score History

You have not taken this quiz